| Tag |
First Indicator |
Second Indicator |
Subfields |
| LEADER |
00000cam a2200000 i 4500 |
| 001 |
in00000987821 |
| 005 |
20150927160326.0 |
| 008 |
811216s1978 flu b 00010 eng |
| 010 |
|
|
|a 78065094
|
| 020 |
|
|
|c $4.00
|
| 035 |
|
|
|a (OCoLC)04771544
|
| 035 |
|
|
|9 AEY4449AM
|
| 040 |
|
|
|a DLC
|c DLC
|d m.c.
|d TXA
|d UtOrBLW
|
| 043 |
|
|
|a n-us---
|a nm-----
|
| 049 |
1 |
|
|a TXA2
|
| 050 |
0 |
0 |
|a KF1772.2
|b .O25
|
| 082 |
0 |
|
|a 346.7304/6956
|a 347.30646956
|2 19
|
| 090 |
|
|
|a GC57.2
|b .F573 no. 15
|
| 100 |
1 |
|
|a O'Connor, Craig R.
|
| 245 |
1 |
4 |
|a The fishery conservation and management act of 1976 :
|b the regulatory framework for Gulf of Mexico fishery management : ocean and coastal law /
|c Craig R. O'Connor.
|
| 264 |
|
1 |
|a Coral Gables, Fla. :
|b Information Services, Sea Grant Program, University of Miami,
|c 1978.
|
| 300 |
|
|
|a 49, 10, 3 pages ;
|c 28 cm.
|
| 336 |
|
|
|a text
|b txt
|2 rdacontent
|
| 337 |
|
|
|a unmediated
|b n
|2 rdamedia
|
| 338 |
|
|
|a volume
|b nc
|2 rdacarrier
|
| 490 |
1 |
|
|a Special report - University of Miami Sea Grant ;
|v no. 15
|
| 504 |
|
|
|a Includes bibliographical references.
|
| 650 |
|
0 |
|a Fishery law and legislation
|z United States.
|
| 650 |
|
0 |
|a Fishery law and legislation
|z Mexico, Gulf of, Region.
|
| 740 |
0 |
|
|a Regulatory framework for Gulf of Mexico fishery management.
|
| 830 |
|
0 |
|a Sea grant special report (University of Miami. Sea Grant Program) ;
|v no. 15.
|
| 999 |
|
|
|a MARS
|
| 999 |
f |
f |
|s bf44b0a1-63aa-35e5-8b8c-ddcbf8bab531
|i 972e7dd1-a13e-325f-9e80-e21ae98c61ef
|t 0
|
| 952 |
f |
f |
|p ric
|a Texas A&M University
|b Rellis Campus
|c Joint Library Facility
|d Remote Storage
|t 0
|e GC57.2 .F573 no.15
|h Library of Congress classification
|i unmediated -- volume
|m A14812858547
|
| 998 |
f |
f |
|a GC57.2 .F573 no.15
|t 0
|l Remote Storage
|